000 01649cam a22004694i 4500
003 PE-LiUPU
005 20250731184605.0
008 150616s1973 ag r 000 0 spa d
020 _a0311036546
035 _a(Sirsi) i9780311036547
040 _aPE-LiUPU
_bspa
_cPE-LiUPU
_erda
049 _aPRUA
082 0 4 _a956.94
_bR96
_221
100 1 _aRussell, D.S.,
_eautor.
245 1 3 _aEl Período Intertestamentario /
_cD. S. Russell.
264 1 _aBuenos Aires :
_bCasa Bautista de Publicaciones,
_c1973.
300 _a176 páginas ;
_c17 centímetros.
336 _atext
_2rdacontent
337 _aunmediated
_2rdamedia
338 _avolume
_2rdacarrier
505 0 _aFondo cultural y literario -- El pueblo del Libro -- Los escritos sagrados -- La literatura apócrifa -- Mensaje y método de la literatura apocalíptica -- El mesías y el hijo del hombre -- La resurección y la Vida en el Más Allá.
526 _aP136
526 _aP135
526 _aP134
526 _aP133
526 _aP144
526 _aP143
526 _aP87
526 _aP35
526 _aP20
526 _aP14
526 _aP10
526 _aP06
650 1 4 _aJudaísmo
_xHistoria
_yPeríodo post-exílico, 586 a.C.-210 d.C.
_94000
650 2 4 _aJudíos
_xHistoria
_y586 a.C.-70 d.C.
_94001
650 2 4 _aLiteratura apocalíptica
_94002
910 _ajck
942 _2ddc
_cBOOK
949 _a296.81 R96
_wDEWEY
_c1
_i39213
_lCCODEBUL1
_mBUL
_r0
_sY
_tBOOK
_u2015-6-16
_xTEOLOGIA
_zUNKNOWN
_0COMPRA
_o.STAFF. Colección General
999 _c56905
_d56905
980 _81
_gALBERTO SANCHEZ Responsable de Automatización